00593nam a2200145Ia 4500008004100000082002500041100003700066245013100103260002400234300001100258502001000269650004900279952010200328999001700430121101s9999 xx 000 0 und d aT 658.562 M244c 1999 aMaldonado Legaria, Carlos Raúl aEl Control y la calidad, como herramientas necesarias en la administración de un centro de computo / Carlos Raúl Maldonado aMéxico : El Autor a113 p. aTESIS a1. CONTROL DE CALIDAD 2. ADMINISTRACIÓNÌ 00104070a12b12d2008-11-28l0oT 658.562 M244C 1999p12 002737r2015-04-22t4w2012-11-01yLB c87841d87841